Nguyễn Quang Lâm - Cuộc đời trọn vẹn nghĩa tình

Tập hợp một số bài viết của các đồng chí lãnh đạo Đảng, nhà nước, quân đội ... về cuộc đời, sự nghiệp của đồng chí Nguyễn Quang Lâm

Sparad:
Bibliografiska uppgifter
Materialtyp: Bok
Språk:Undetermined
Publicerad: Hà nội Chính trị Quốc gia 2011
Ämnen:
Taggar: Lägg till en tagg
Inga taggar, Lägg till första taggen!
Thư viện lưu trữ: Trung tâm Học liệu Trường Đại học Cần Thơ
LEADER 00831nam a2200193Ia 4500
001 CTU_177614
008 210402s9999 xx 000 0 und d
020 |c 160000 
082 |a 959.704092 
082 |b Ng527 
245 0 |a Nguyễn Quang Lâm - Cuộc đời trọn vẹn nghĩa tình 
260 |a Hà nội 
260 |b Chính trị Quốc gia 
260 |c 2011 
520 |a Tập hợp một số bài viết của các đồng chí lãnh đạo Đảng, nhà nước, quân đội ... về cuộc đời, sự nghiệp của đồng chí Nguyễn Quang Lâm 
650 |a Nguyễn, Quang Lâm (1919-1990),Nguyễn Quang Lâm (1919-1990) 
650 |x biography,tiểu sử 
910 |a Nguyên 
980 |a Trung tâm Học liệu Trường Đại học Cần Thơ